Normal view
MARC view
Entry Personal Name
001 - CONTROL NUMBER
- control field: 85014
003 - CONTROL NUMBER IDENTIFIER
- control field: dpl
005 - DATE AND TIME OF LATEST TRANSACTION
- control field: 20250912112719.0
008 - FIXED-LENGTH DATA ELEMENTS
- fixed length control field: 250912|| aca||aabn | a|a d
040 ## - CATALOGING SOURCE
- Original cataloging agency: dpl
- Transcribing agency: dpl
100 ## - HEADING--PERSONAL NAME
- Personal name: Costain, Meredith
670 ## - SOURCE DATA FOUND
- Source citation: Work cat.: (dpl)209685: Costain, Meredith, Ella Diaries/, 2022
